1491 1863 1863 1882 1617 1177 1657 1380 1907 1795 1837 1736 1005 1067 1308 1993 1109 1881 1402 1236 1270 1436 1252 1958 1808 1332 1928 1943 1298 1060 1333 1406 1908 1415 1049 1329 1064 1247 1582 1475 1957 1033 1875 1818 1988 1779 1931 1764 1472 1147 1829 1843 1241 1210 1295 1212 1492 1136 1221 1540 1833 1529 1504 1600 1470 1498 1223 1193 1430 1288 1089 1978 1746 1948 1068 1175 1807 1663 1998 1286 1010 1767 1124 1699 1364 1280 1487 1034 1372 1200 1470 1341 1080 1586 1268 1546 1657 1512 1273 BCNSPRNW ULIB Ver.6.0+V

เปลี่ยนเป็นภาษาไทย

Change to English
 แสดงรายละเอียดบรรณานุกรม
  กลับหน้าหลัก

Brief Record : Get Marc (ISO 2709) : E-mail record : QR code < ปิดหน้าต่าง
LEADER : 00000nam a2200000 a 4500
001    13399128121
003     ULIB
008    220411s2564 th a b 001 0 tha d
020    ^a9786165862073
040    ^abpy
060 04 ^aW20.55.T6^bส867ท
100 0  ^aสุรีย์พันธุ์ วรพงศธร
245 10 ^aเทคนิคการสร้างและการตรวจสอบคุณสมบัติการวัดของเครื่องมือวิจัยทางสุขภาพ/^cสุรีย์พันธุ์ วรพงศธร
250    ^aพิมพ์ครั้งที่ 1
260    ^aเชียงใหม่ :^bวนิดาการพิมพ์,^c2564
300    ^aก-ณ, 281 หน้า :^bภาพประกอบ ;^c26 ซม.
504    ^aมีบรรณานุกรมและดัชนี
505 0  ^aส่วนที่ 1 ภาคทฤษฎี -- หลักการสร้างเครื่องมือวิจัยทางสุขภาพ --การตรวจสอบคุณสมบัติการวัดของเครื่องมือวิจัยทางสุขภาพ -- ส่วนที่ 2ภาคปฏิบัติ --โปรแกรมคอมพิวเตอร์สำหรับการตรวจสอบคุณสมบัติการวัดของเครื่องมือวิจัยทางสุขภาพ --การตรวจสอบคุณสมบัติการวัดของเครื่องมือวิจัยทางสุขภาพโดยใช้โปรแกรม IBMSPSS --การวิเคราะห์ค่าความตรงของเครื่องมือวิจัยทางสุขภาพโดยใช้โปรแกรม IBNSPSS --การวิเคราะห์ค่าความตรงของเครื่องมือวิจัยทางสุขภาพโดยใช้โปรแกรม AMOS
650  4 ^aวิจัย^xเครื่องมือ
650  4 ^aไอบีเอ็ม เอสพีเอสเอส (โปรแกรมคอมพิวเตอร์)
650  4 ^aวิทยาศาสตร์สุขภาพ^xวิจัย
945    ^p379^l0^i29376
945    ^p379^l0^i29377
945    ^p379^l0^i29378
945    ^p379^l0^i29379
945    ^p379^l0^i29380
995    ^aกัณชพร จุลอักษร
999    ^aกัณชพร
รายการนี้ยังไม่มีแท็ก
คุณยังไม่ได้ล็อกอิน คุณสามารถมีกิจกรรมร่วมกับเว็บไซต์ได้ แต่ต้องล็อกอินก่อน ::
  ล็อกอิน

รายการสื่อสารสนเทศ

ลำดับที่ ประเภท เลขเรียก/บาร์โค้ด สถานที่ สถานะ
1. หนังสือสำรอง
หนังสือสำรอง
W20.55.T6 ส867ท ฉ.1 
  Barcode: 29376
ห้องสมุดวิทยาเขตนครสวรรค์
►หนังสือทั่วไป:l:General Books
บนชั้น
2. วิทยาศาสตร์การแพทย์ และสุขภาพ
วิทยาศาสตร์การแพทย์ และสุขภาพ
W20.55.T6 ส867ท ฉ.2 
  Barcode: 29377
ห้องสมุดวิทยาเขตนครสวรรค์
►หนังสือทั่วไป:l:General Books
บนชั้น
3. วิทยาศาสตร์การแพทย์ และสุขภาพ
วิทยาศาสตร์การแพทย์ และสุขภาพ
W20.55.T6 ส867ท ฉ.3 
  Barcode: 29378
ห้องสมุดวิทยาเขตนครสวรรค์
►หนังสือทั่วไป:l:General Books
บนชั้น
4. วิทยาศาสตร์การแพทย์ และสุขภาพ
วิทยาศาสตร์การแพทย์ และสุขภาพ
W20.55.T6 ส867ท ฉ.4 
  Barcode: 29379
ห้องสมุดวิทยาเขตนครสวรรค์
►หนังสือทั่วไป:l:General Books
บนชั้น
5. วิทยาศาสตร์การแพทย์ และสุขภาพ
วิทยาศาสตร์การแพทย์ และสุขภาพ
W20.55.T6 ส867ท ฉ.5 
  Barcode: 29380
ห้องสมุดวิทยาเขตนครสวรรค์
►หนังสือทั่วไป:l:General Books
บนชั้น

รายการใกล้เคียง
    ผู้แต่ง [สุรีย์พันธุ์ วรพงศธร]

    หัวเรื่อง [วิจัย เครื่องมือ]
    หัวเรื่อง [ไอบีเอ็ม เอสพีเอสเอส (โปรแกรมคอมพิวเตอร์)]

BibComment


ยังไม่เคยถูกคอมเมนท์

คอมเมนท์ทรัพยากรรายการนี้
  คอมเมนท์: เทคนิคการสร้างแล..


 Copyright 2026. Bcnsprnw @Library